000 00343nam a2200145Ia 4500
008 150201s2006 xx 000 0 und d
082 _a614.4
_bB2006B
100 _aBEAGLEHOLE
245 _aBASIC EPIDEMIOLOGY
250 _a1ST
260 _bW.H.O / A.I.T.B.S.
_aDELHI
_c2006
300 _a1-174
650 _aORAL PATHOLOGY
942 _2ddc
_cBK
999 _c4174
_d4174